| 000 | 00415nam a22001457a 4500 | ||
|---|---|---|---|
| 020 | _a9781119825852 | ||
| 040 | _cNUST | ||
| 082 |
_a610.28 _bRAN |
||
| 100 |
_aRangayyan, Rangaraj M. _957634 |
||
| 245 |
_aBiomedical Signal Analysis / _cRangaraj M . Rangayyan |
||
| 260 |
_aCanada : _bJohn Wiley & Sons , _c2024. |
||
| 300 |
_a673p. ; _bHardbinding, _c26cm. |
||
| 700 |
_aKrishnan, Sridhar _9127895 |
||
| 942 |
_2ddc _cBK |
||
| 999 |
_c612905 _d612905 |
||